Organisasi kerja dan transformasi sosial : analisa perbandingan khasnya mengenai masyarakat Kubu dan Temuan di Semenanjung /
محفوظ في:
| المؤلف الرئيسي: | |
|---|---|
| التنسيق: | أطروحة كتاب |
| اللغة: | Malay |
| منشور في: |
1984.
|
| الموضوعات: | |
| الوسوم: |
إضافة وسم
لا توجد وسوم, كن أول من يضع وسما على هذه التسجيلة!
|
| LEADER | 01109cam a2200277 4500 | ||
|---|---|---|---|
| 001 | u36648 | ||
| 003 | SIRSI | ||
| 008 | 850627s1984 my t 0 may m | ||
| 040 | |a UMM | ||
| 043 | |a a-my--- | ||
| 090 | 0 | 0 | |a DS595.2 |b K8Alimar |
| 091 | 0 | 0 | |a Microfiche 9023 |
| 100 | 0 | 0 | |a Ali M.A. Rachman |
| 245 | 1 | 0 | |a Organisasi kerja dan transformasi sosial : |b analisa perbandingan khasnya mengenai masyarakat Kubu dan Temuan di Semenanjung / |c oleh Ali M.A. Rachman |
| 260 | |c 1984. | ||
| 300 | |a xii, 489 leaves ; |c 30cm | ||
| 502 | |a Thesis (Ph.D.) -- Jabatan Antropologi dan Sosiologi, Fakulti Sastera dan Sains Sosial, Universiti Malaya, 1984. | ||
| 504 | |a Bibliography: leaves 465-489 | ||
| 650 | |a Kubu (Malaysian people) |x Social conditions | ||
| 650 | 0 | |a Temuan (Malaysian people) |x Social conditions | |
| 650 | 0 | |a Ethnology |z Malaysia | |
| 650 | 0 | |a Indigenous peoples |z Malaysia. | |
| 710 | 2 | 0 | |a Universiti Malaya. |b Jabatan Antropologi dan Sosiologi. |
| 948 | |a 16/03/1991 |b 29/03/2004 | ||
| 596 | |a 1 | ||
| 999 | |a FDS595.2 K8ALIMAR |w LC |c 1 |i A002667298 |d 3/9/2014 |e 3/9/2014 |l STACKS |m P01UTAMA |n 24 |r Y |s Y |t TESIS |u 20/11/1991 | ||
